Statistics for Top 20 Portsmouth Goalscorers in the Premier League

Click here to take the quiz!

General Stats

  • This quiz has been taken 6 times
  • The average score is 6 of 23

Answer Stats

PPlayerNationalityGoals% Correct
8Peter CrouchEnglish10
100%
5Jermain DefoeEnglish16
75%
1YakubuNigeria28
75%
2Loman LuaLuaCongolese19
50%
4Nwankwo KanuNigerian17
50%
11Patrik BergerCzech8
50%
2Benjani MwaruwariZimbabwean19
25%
13John UtakaNigeria7
25%
16Nadir BelhadjAlgeria5
25%
9Niko KranjcarCroatian9
25%
16Pedro MendesPortugeuse5
25%
9Teddy SheringhamEnglih9
25%
20Arjan de ZeeuwDutch4
0%
11Aruna DindaneIvorian8
0%
16Frédéric PiquionneMartiniquais5
0%
7Gary O'NeilEnglish11
0%
20Glen JohnsonEnglish4
0%
14Herman HreidarssonIcelandic6
0%
5Matthew TaylorEnglish16
0%
16Steve StoneEnglish5
0%
20Sulley Ali MuntariGhanaian4
0%
14Svetoslav TodorovBulgarian6
0%
20Younés KaboulFrench4
0%

Score Distribution

Percentile by Number Answered

Percent of People with Each Score

Your Score History

You have not taken this quiz